000 01380cam a2200217 4500
001 ##L133673
008 060601n2006 000 0 eng u
035 _a(Sirsi) u133673
041 0 _aeng
110 2 _aValuation Consulting Limited
_94931
245 0 0 _aValuation of intangible assets
_bfour case studies
260 _aLondon
_bRICS
_c2006
490 0 _aRICS Plant and Machinery Faculty Research Report
505 2 _aIntangible assets -- The valuation of intangible assets -- Case study one: Valuation of royalty revenues -- Case study two: Valuation of brand and workforce -- Case study three: Valuation of patents -- Case study four: Valuation of a brand name -- Conclusion
520 _aLooks at four case studies to show how to apply the theories discussed in "Valuing intangible assets" (ISBN 1842191438) to real, practical situations. The case studies were chosen to illustrate multiple techniques and to demonstrate all three of the major valuation approaches: the cost approach, the market approach and the income approach.
590 _aIKA060606
690 _aPROPERTY-BUSINESS ASSETS-INTANGIBLE BUSINESS ASSETS
710 2 _aRoyal Institution of Chartered Surveyors
_bMachinery and Business Assets Faculty
_94553
856 4 0 _uhttps://www.rics.org/RICSWEB/getpage.aspx?p=nqNUxbqw-E2605CrObFvtw
_zView the item free of charge at www.rics.org...
942 _n0
999 _c105447
_d105447